000 01343nam a2200337Ia 4500
001 ebr10372056
003 CaPaEBR
006 m u
007 cr cn|||||||||
008 010615s2002 iluak sb 001 0 eng d
010 _z 2001042733
020 _z9780226035192
020 _z0226035182 (cloth : alk. paper)
020 _z0226035190 (paper : alk. paper)
040 _aCaPaEBR
_cCaPaEBR
035 _a(OCoLC)593295911
050 1 4 _aHM1101
_b.E43 2002eb
245 0 0 _aEmbracing risk
_h[electronic resource] :
_bthe changing culture of insurance and responsibility /
_cedited by Tom Baker & Jonathan Simon.
260 _aChicago :
_bUniversity of Chicago Press,
_c2002.
300 _aix, 318 p. :
_bill., forms.
504 _aIncludes bibliographical references and index.
533 _aElectronic reproduction.
_bPalo Alto, Calif. :
_cebrary,
_d2010.
_nAvailable via World Wide Web.
_nAccess may be limited to ebrary affiliated libraries.
650 0 _aRisk
_xSociological aspects.
650 0 _aRisk (Insurance)
650 0 _aResponsibility.
655 7 _aElectronic books.
_2local
700 1 _aBaker, Tom,
_d1959-
700 1 _aSimon, Jonathan,
_d1959-
710 2 _aebrary, Inc.
856 4 0 _uhttp://site.ebrary.com/lib/rucke/Doc?id=10372056
_zAn electronic book accessible through the World Wide Web; click to view
999 _c98165
_d98165